LIBRARY & INFORMATION CENTRE, KCAET, TAVANUR

ONLINE PUBLIC ACCESS CATALOGUE (OPAC)

Fluid Mechanics and Turbomachines (Record no. 14135)

MARC details
000 -LEADER
fixed length control field 00340nam a22001337a 4500
020 ## - INTERNATIONAL STANDARD BOOK NUMBER
ISBN 9788120335233
082 ## - DEWEY DECIMAL CLASSIFICATION NUMBER
Classification number 532
Item number MAD/FL
100 ## - MAIN ENTRY--AUTHOR NAME
Personal name Madan Mohan Das
245 ## - TITLE STATEMENT
Title Fluid Mechanics and Turbomachines
260 ## - PUBLICATION, DISTRIBUTION, ETC. (IMPRINT)
Place of publication New Delhi
Name of publisher PHI Learning
Year of publication 2011
300 ## - PHYSICAL DESCRIPTION
Number of Pages 538
650 ## - SUBJECT ADDED ENTRY--TOPICAL TERM
Topical Term Turbomachines
-- Fluid Mechanics
942 ## - ADDED ENTRY ELEMENTS (KOHA)
Koha item type Books
Holdings
Withdrawn status Lost status Damaged status Home library Current library Date acquired Full call number Accession Number Koha item type
      KAUAET KAUAET 26/08/2022 532 MAD/FL 24039 Books
free website counter